Statistics for Illinois Cities With Passenger Airports

Click here to take the quiz!

General Stats

  • This quiz has been taken 66 times
  • The average score is 9 of 12

Answer Stats

CodeCity% Correct
MDWChicago
100%
ORDChicago
100%
SPISpringfield
91%
PIAPeoria
89%
RFDRockford
87%
CMIChampaign
81%
DECDecatur
81%
BMIBloomington
79%
MLIMoline
62%
BLVBelleville
38%
UINQuincy
36%
MWAMarion
23%

Score Distribution

Percentile by Number Answered

Percent of People with Each Score

Your Score History

You have not taken this quiz